| 000 | 00958nas a2200313 4500 | ||
|---|---|---|---|
| 001 | BR0204169 | ||
| 003 | BR-BrBNA | ||
| 005 | 20231205103204.0 | ||
| 007 | ta | ||
| 008 | 230509b bl.|||p| |||| 00| 00por d | ||
| 040 |
_aBR-BrBNA _bpor _cBiblioteca Nacional de Agricultura |
||
| 041 | _a(Pt) | ||
| 072 | _aJ10 | ||
| 100 | 1 | _aSguarezi, C.N. | |
| 100 | 1 | _aBraccini, A. de L. e | |
| 100 | 1 | _aScapim, C.A. | |
| 100 | 1 | _aDalpasquale, V.A. | |
| 100 | 1 | _aBraccini, M. do C.L. | |
| 100 | 1 | _aSchuab, S.R.P. | |
| 245 | 1 | _aInfluência das condições de armazenamento na qualidade fisiológica e sanitária das sementes de café (Coffea arabica L.) | |
| 650 | _aCAFÉ | ||
| 650 | _aSEMENTE | ||
| 650 | _aEMBALAGEM | ||
| 650 | _aARMAZENAMENTO | ||
| 650 | _aQUALIDADE | ||
| 773 | 0 |
_tRevista Brasileira de Armazenamento (Brazil) _xISSN 0100-3518 _g(2002), no. 4 p. 16-25 _wBR0204169 |
|
| 909 |
_a202311 _bLúcia _c55 _dLúcia Elande |
||
| 942 |
_2AGRIS _n0 _cANA |
||
| 999 |
_c171555 _d171555 |
||